| 000 | 01267nam a2200361Ia 4500 | ||
|---|---|---|---|
| 001 | Z_7122 | ||
| 003 | CHAP | ||
| 008 | 220113s2011 xx 000 0 und d | ||
| 010 | _a170394 | ||
| 020 | _a978-84-92928-08-8 \ 978-84-491-1092-4 | ||
| 040 | _cCHAP | ||
| 082 | _a636.0812 A24 | ||
| 100 |
_aAbecia Martínez, Alfonso _9146829 |
||
| 245 |
_aIdentificación y trazabilidad en ganadería : una visión internacional / _cAlfonso Abecia Martínez y Nicolás López Cisneros |
||
| 260 |
_aMadrid, España : _bAgrícola Española :, _bMinisterio del Medio Ambiente, Medio Rural y Marino. Secretaría General Técnica. Centro de Publicaciones, _c2011 |
||
| 300 | _a117 p. | ||
| 503 | _aej.1: conumo | ||
| 504 | _aBibliografía: p. 113 - 115 | ||
| 650 |
_aIdentificación de animales _9146830 |
||
| 650 |
_aIdentificación electrónica _9146831 |
||
| 650 |
_aIdentificación por radiofrecuencia _9146832 |
||
| 650 |
_aMarcas orejeras _9146833 |
||
| 650 |
_aPreservación de la identidad _9146834 |
||
| 650 |
_aTranspondedores inyectables _9146835 |
||
| 650 |
_aTrazabilidad _9142803 |
||
| 700 |
_aLópez Cisneros, Nicolás, coaut. _9146836 |
||
| 901 | _a636.0812 A24 | ||
| 902 | _aM | ||
| 910 | _a2011 | ||
| 942 | _c1 | ||
| 942 | _cc1 | ||
| 999 |
_c170394 _d170394 |
||